Que's 1995 computer buyer's guide

Bibliographic Details
Main Authors: Smith, Bud (Author), Gibbons, Dave (Author)
Corporate Author: Que Corporation (Indianapolis, Indiana)
Format: Book
Published: Indianapolis, Ind. : Que Corporation , c1994
Subjects:

MARC

LEADER 00000cam a2200000 7i4500
001 0000018708
005 20061017093000.0
008 021119s1994
020 |a 156529775X 
090 0 0 |a QA76.6   |b .S65 1995 
100 0 |a Smith, Bud ,   |e author 
245 1 0 |a Que's 1995 computer buyer's guide   |c Bud Smith   |f revised by Dave Gibbons 
260 2 |a Indianapolis, Ind. :   |b Que Corporation ,   |c c1994 
300 |a xx, 460 p. ;   |c 23 cm. 
504 |a Includes index 
650 0 |a Microcomputers 
700 1 |a Gibbons, Dave ,   |e author 
710 2 1 |a Que Corporation (Indianapolis, Indiana) 
999 |a 1000016164   |b Book   |c Close Access   |e Tembila Campus